Blanský les : chráněná krajinná oblast

Korporativní autor: Český úřad zeměměřický a katastrální
Jazyk: Čeština
Vydáno: Praha : Agentura ochrany přírody a krajiny České republiky, 2017
Témata:
Fyzický popis: 1 mapa : barevná ; list 40 x 21 cm, složeno na 10 x 21 cm
Mapy
Uloženo v:
LEADER 01797nem a2200433 i 4500
001 nkc20172943729
003 CZ PrNK
005 20180522143725.0
007 aj canzn
008 180308s2017 xr z a 0 cze
020 |a 978-80-88076-64-3  |q (brožováno) 
034 1 |a a  |b 16000  |d E0141148  |e E0141912  |f N0485510  |g N0484838 
040 |a ABA001  |b cze  |e rda 
043 |a e-xr---  |b e-xr-cc  |2 czenas 
072 7 |a 913(437)  |x Geografie Česka a Slovenska, reálie, cestování  |2 Konspekt  |9 7 
072 7 |a 912  |x Mapy. Atlasy. Glóby  |2 Konspekt  |9 7 
080 |a 502.21(1-751.4)  |2 MRF 
080 |a 913(437.31-13)  |2 MRF 
080 |a (084.3)  |2 MRF 
080 |a (036)  |2 MRF 
245 0 0 |a Blanský les :  |b chráněná krajinná oblast 
255 |a Měřítko 1:16 000  |c (E 14°11'48"--E 14°19'12"/N 48°55'10"--N 48°48'38") 
264 1 |a Praha :  |b Agentura ochrany přírody a krajiny České republiky,  |c 2017 
300 |a 1 mapa :  |b barevná ;  |c list 40 x 21 cm, složeno na 10 x 21 cm 
336 |a kartografický obraz  |b cri  |2 rdacontent 
337 |a bez média  |b n  |2 rdamedia 
338 |a list  |b nb  |2 rdacarrier 
500 |a Název z obálky 
500 |a Přehled přírodních památek a rezervací, naučných stezek, na rubu naučný text o krajině 
500 |a Mapový podklad ČÚZK 2016 
650 0 7 |a chráněné krajinné oblasti  |7 ph114252  |z Česko  |2 czenas 
651 7 |a Blanský les (Česko : pohoří : oblast)  |7 ge558888  |2 czenas 
655 7 |a mapy  |7 fd132800  |2 czenas 
655 7 |a informační publikace  |7 fd132454  |2 czenas 
710 2 |a Český úřad zeměměřický a katastrální  |7 mzk2004217229  |4 ctg 
910 2 |a BOA001  |b Mp2-1405.795 
990 |a MP 
995 |a 11 
996 6 |b 2610739513  |c Mp2-1405.795  |l MZK  |r Sklad / do 1 hodiny  |n 0  |p p.v.  |w 001658378  |u 000010  |a 1  |e BOA001  |j MZK50  |s P